| 000 | 01087nam a22003377a 4500 | ||
|---|---|---|---|
| 001 | BR7907577 | ||
| 003 | BR-BrBNA | ||
| 005 | 20230928090258.0 | ||
| 007 | ta | ||
| 008 | 230509b bl.||||| |||| 00| 0 por d | ||
| 040 |
_aBR-BrBNA _bpor _cBiblioteca Nacional de Agricultura |
||
| 041 | _a(Por) | ||
| 072 |
_aE10; E30; E50 _b/G514 |
||
| 090 | _ E10 BR7907577 | ||
| 110 | 1 |
_aUnidade Regional de Supervisao Norte de Planejamento Agricola, Belem, PA (Brasil) _910410 |
|
| 245 | 1 |
_aEstrutura fundiaria da Regiao Norte; Territorios e Estados (fase diagnostico)[desenvolvimento agricola, colonizacao, Brasil] _bConvenio Ministerio da Agricultura/SUDAM |
|
| 260 | 3 |
_aBelem, PA (Brasil): _c1979. |
|
| 300 | _a98 p. | ||
| 500 | _a42 tables | ||
| 650 | _aESTRUTURA AGRARIA | ||
| 650 | _aREFORMA AGRARIA | ||
| 650 | _aUSO DA TERRA | ||
| 650 | _aPOSSE DE TERRA | ||
| 650 | _aMAO-DE-OBRA | ||
| 650 | _aPOLITICA DE DESENVOLVIMENTO | ||
| 650 | _aDESENVOLVIMENTO AGRICOLA | ||
| 650 | _aCOLONIZACAO | ||
| 650 | _aREGIAO NORTE | ||
| 909 |
_a202309 _bLucia _c55 _dLucia Elande |
||
| 942 | _cBK | ||
| 999 |
_c28290 _d28290 |
||